|
|
|
|
| LEADER |
01966nam a2200457 i 4500 |
| 001 |
EBC1968810 |
| 003 |
MiAaPQ |
| 005 |
20200520144314.0 |
| 006 |
m o d | |
| 007 |
cr cnu|||||||| |
| 008 |
150303t20152009enka ob 001 0 eng d |
| 020 |
|
|
|z 9780765613301
|
| 020 |
|
|
|a 9781315699844
|q (electronic bk.)
|
| 035 |
|
|
|a (MiAaPQ)EBC1968810
|
| 035 |
|
|
|a (Au-PeEL)EBL1968810
|
| 035 |
|
|
|a (CaPaEBR)ebr10373249
|
| 035 |
|
|
|a (CaONFJC)MIL255472
|
| 035 |
|
|
|a (OCoLC)905984316
|
| 040 |
|
|
|a MiAaPQ
|b eng
|e rda
|e pn
|c MiAaPQ
|d MiAaPQ
|
| 043 |
|
|
|a n-us---
|
| 050 |
|
4 |
|a HD5324
|b .E39 2015
|
| 082 |
0 |
|
|a 331.892/97303
|2 22
|
| 245 |
0 |
4 |
|a The encyclopedia of strikes in American history /
|c Aaron Brenner, Benjamin Day, Immanuel Ness, editors ; contributors, Jon Amsden [and fifty-seven others].
|
| 264 |
|
1 |
|a London, [England] ;
|a New York, New York :
|b Routledge,
|c 2015.
|
| 264 |
|
4 |
|c 2009
|
| 300 |
|
|
|a 1 online resource (791 pages) :
|b illustrations
|
| 336 |
|
|
|a text
|2 rdacontent
|
| 337 |
|
|
|a computer
|2 rdamedia
|
| 338 |
|
|
|a online resource
|2 rdacarrier
|
| 504 |
|
|
|a Includes bibliographical references and indexes at the end of each chapters.
|
| 588 |
|
|
|a Description based on print version record.
|
| 590 |
|
|
|a Electronic reproduction. Ann Arbor, MI : ProQuest, 2015. Available via World Wide Web. Access may be limited to ProQuest affiliated libraries.
|
| 650 |
|
0 |
|a Strikes and lockouts
|z United States
|v Encyclopedias.
|
| 655 |
|
4 |
|a Electronic books.
|
| 700 |
1 |
|
|a Brenner, Aaron,
|e editor.
|
| 700 |
1 |
|
|a Day, Benjamin,
|d 1979-
|e editor.
|
| 700 |
1 |
|
|a Ness, Immanuel,
|e editor.
|
| 700 |
1 |
|
|a Amsden, Jon,
|e contributor.
|
| 776 |
0 |
8 |
|i Print version:
|t Encyclopedia of strikes in American history.
|d London, [England] ; New York, New York : Routledge, 2015, c2009
|h xxxix, 750 pages
|z 9780765613301
|w 2007036072
|
| 797 |
2 |
|
|a ProQuest (Firm)
|
| 856 |
4 |
0 |
|u https://ebookcentral.proquest.com/lib/matrademy/detail.action?docID=1968810
|z Click to View
|